Culture générale - Quiz #36 - Statistiques

Statistiques générales
  • Ce quiz a été pris 51 732 fois
  • Le résultat moyen est 9 sur 20
Statistiques - réponses
Question Réponse % Correct
Quel type d'animal peut-être "de Sibérie" ou "du Bengale" ? Le tigre
92%
Que signifie le M dans le sigle SMIC ? Minimum
90%
Comment dit-on "rien" en espagnol ? Nada
86%
Par quel nom d'animal marin désignait-on l'héritier du trône de France ? Dauphin
73%
Pendant la Seconde Guerre mondiale, quel pays a connu le plus grand nombre de morts en pourcentage de sa population ? Pologne
70%
Le français compte 6 V et 20 C. Que signifie V ? Voyelle
62%
Quelle partie du corps est très fréquemment plus épaisse chez un pilote automobile que chez toute autre personne ? Le cou
59%
Si Méga est l'opposé de Micro, quel est l'opposé de Nano ? Giga
56%
Quelle franchise de jeux vidéo a pour protagoniste l'archéologue Lara Croft ? Tomb Raider
56%
Quel film s'inspire de l'histoire vraie de l'équipe de bobsleigh jamaïcaine aux JO de 1988 ? Rasta Rockett
49%
Dans l'Antiquité, de quelle mer disait-on qu'on la quittait ou la traversait en passant entre les Colonnes d'Hercule ? La Méditerranée
37%
Dans la structure de la Terre, quelle couche se situe entre le noyau et la croûte ? Manteau
35%
Quel malfaiteur masqué fut interprété 3 fois par Jean Marais à l'écran ? Fantômas
31%
De quelle espèce est Chewbacca ? Wookiee
24%
Quelle commémoration vient deux jours avant Pâques et est un jour férié en France uniquement en Alsace et en Moselle ? Vendredi saint
22%
Dans quel livre le personnage principal fait-il la connaissance d'un allumeur de réverbères ? Le Petit Prince
19%
Au Moyen-Âge, les chandelles réservées à la noblesse et au clergé étaient composée de cire d'abeille. Quel matériau composait celles réservées au peuple ? Suif
19%
De quel pays le tagalog est-il originaire ? Philippines
14%
Quelle philosophie chinoise porte un nom signifiant « enseignement de la voie » ? Taoïsme
12%
Quel archipel de la mer Égée tire son nom du grec pour "douze îles"? Le Dodécanèse
4%
Aucun quiz correspondant
Distribution des résultats
% des personnes avec chaque résultat
Percentile par nombre de réponses
Votre historique - résultats
Vous n’avez pas pris ce quiz